| 000 | 00830nam a2200193 a 4500 | ||
|---|---|---|---|
| 008 | 120416s1958 ||||||||||||||||| || u | ||
| 050 | _aHD 82 Eco | ||
| 100 | _aSingh, S. P | ||
| 245 | 1 | 4 |
_aThe economics of underdevelopment _cselected and edited by A.N. Agarwala and S.P. Singh |
| 246 | _aa series of articles and papers | ||
| 260 |
_aBombay _bOxford University Press _c1958 |
||
| 300 | _a510p. : ill. | ||
| 350 | _a0.00 | ||
| 650 | _aECONOMIC THEORY--DEVELOPING COUNTRIES | ||
| 650 | 0 | _aECONOMICS | |
| 700 | _aAgarwala, A. N | ||
| 995 |
_aBINDERY (DAMAGED) _D0.00 _e700032 _FCBU-MAIN LIBRARY (Kitwe) _H1 _I0.00 _jHD 82 Eco _M1 _UDAMAGED _y003951 _ZMain Library Open Access Collection |
||
| 995 |
_aBINDERY (DAMAGED) _D0.00 _e700269 _FCBU-MAIN LIBRARY (Kitwe) _H2 _I0.00 _jHD 82 Eco _M2 _UDAMAGED _y003950 _ZMain Library Open Access Collection |
||
| 999 |
_c75728 _d75728 |
||